| 000 | 00999cam a2200265 a 4500 | ||
|---|---|---|---|
| 999 |
_c58097 _d58097 |
||
| 001 | 16694719 | ||
| 005 | 20210614143521.0 | ||
| 008 | 110316t20052010nyu 000 0 eng | ||
| 020 | _a9780062270450 | ||
| 041 | _aeng | ||
| 080 | _a376-056.26+159.922.8 G-80 | ||
| 100 | 1 |
_aGreene, Ross W. _911968 |
|
| 245 | 1 | 4 |
_aThe explosive child : _ba new approach for understanding and parenting easily frustrated, chronically inflexible children / _cRoss W. Greene. |
| 264 |
_aNew York : _bHarper, _c2010. |
||
| 300 |
_a314 p. ; _c21 cm. |
||
| 653 | _aპრობლემური ბავშველი | ||
| 653 | _aтрудный ребенок | ||
| 653 | _aქცევის დარღვევები ბავშვებში | ||
| 653 | _aРасстройства поведения у детей | ||
| 653 | _aპედაგოგიკა | ||
| 653 | _aПедагогика | ||
| 653 | _aფსიქოლოგია | ||
| 653 | _aПсихология | ||
| 942 |
_2udc _cBK |
||